000
00303nam a22001337a 4500
008
260331b ||||| |||| 00| 0 eng d
020
_a
0000100271
041
_a
Shqip
080
_8
2.1
_a
221.
100
_a
25
101
_a
Monumente
245
_a
Monumentet Ushtarake
_c
Naser Ferri
942
_2
udc
_c
BK
999
_c
60954
_d
60954